003620000a22001090004500090001700000245006300017041001400080100002700094942001300121773010100134999001700235 aASbSeriadas10aPrimer hallazgo de la Phrynops rufipes (SPIX), en Colombia0 aEspañol1 aMedem, Federico947738 cARTICULO1 tRevista de la Academia Colombiana de Ciencias Exacta, Físicas y Naturalesh54q49-66d1973g14 c16069d16069